LDR 00788naa#a2200181#i#450# 001 EN\\bibl\20225 005 20260701021901.3 100 ## _a20260630b2026####ek#y0engy0150####ca 102 ## _aRU 200 1# _aFUTURE DEVELOPMENT OF AN INTELLIGENT OFFLINE SYSTEM FOR DE-IDENTIFICATION AND FIELD-LEVEL ENCRYPTION OF PERSONAL DATA IN DOCUMENTS _eConference article/thesis 210 1# _aVoronezh _cFSBE Institution of Higher Education Voronezh State University of Forestry and Technologies named after G.F. Morozov _d2026 215 ## _a6 с. 608 ## _aConference article/thesis _2local 675 ## _aСпособы задания и реализации автоматов. 519.713.1 _z 700 #1 _aNadenov _gA. E. 700 #1 _aAvilova _gO. A. 700 #1 _aSkvorcova _gEkaterina Il'inichna 856 4# _abibl.vgltu.ru _u